Glossário : (Record no. 648)

MARC details
000 -LÍDER
Campo Fixo de Controle 00808nam a2200217 a 4500
001 - NÚMERO DE CONTROLE
Campo de Controle 648
003 - IDENTIFICAÇÃO DO NÚMERO DE CONTROLE
Campo de Controle BR-CuiBMT
005 - DATA E HORA DA ÚLTIMA ATUALIZAÇÃO
Campo de Controle 20231212212526.0
008 - DADOS FIXOS
Dados Fixos 231111s2005 scba d 000 0 por d
040 ## - AGÊNCIA CATALOGADORA
Código da Agência Catalogadora BR-CuiBMT
Agência que transcreveu o registro BR-CuiBMT
080 ## - Nº DA CLASSIFICAÇÃO DECIMAL UNIVERSAL
Nº edição CDU 2007
Nº Class. CDU 351.94:336.48
Subd. Auxiliar Comum (038)
090 ## - NÚMERO DE CHAMADA
Complemento R
Nº classificação 351.94:336.48(038)
Cutter I59g
110 2# - ENTRADA PRINCIPAL -- ENTIDADE
Nome da entidade ou lugar Instituto Rui Barbosa.
245 10 - TÍTULO PRINCIPAL
Título principal Glossário :
Subtítulo termos técnicos mais comuns utilizados por tribunais de contas /
Indicação de responsabilidade [Instituto Rui Barbosa].
260 ## - PUBLICAÇÃO, DISTRIBUIÇÃO, ETC.
Local de publicação Florianópolis :
Editora TCE-SC,
Data 2005.
300 ## - DESCRIÇÃO FÍSICA
N. páginas ou volumes 191 p. :
Ilustrações il. ;
Dimensões 21 cm
650 ## - ASSUNTO TÓPICO
Cabeçalho tópico ou nome geográfico Tribunais de contas
Subdivisão geral Terminologia
-- Vocabulários, glossários etc.
Subdivisão geográfica Brasil
650 ## - ASSUNTO TÓPICO
Cabeçalho tópico ou nome geográfico Controle externo
Subdivisão geral Vocabulários, glossários etc.
Subdivisão geográfica Brasil
650 ## - ASSUNTO TÓPICO
Cabeçalho tópico ou nome geográfico Relatórios de auditoria
Subdivisão geral Vocabulários, glossários etc.
942 ## - ELEMENTOS DE ENTRADA ADICIONAIS (KOHA)
Fonte de classificação ou esquema de arquivamento Classificação Decimal Universal
Tipo de item do Koha Obras de Referência
Holdings
Estado: removido Estado: perdido Fonte de classificação ou esquema de arquivamento Estado: danificado Indisponível para empréstimo Localização permanente Localização atual Data de aquisição Total Checkouts Número de Chamada completo Código de barras Date last seen Número do exemplar Preço efetivo a partir de Tipo de item (Koha)
    Classificação Decimal Universal     Biblioteca da Escola Superior de Contas do TCE/MT Biblioteca da Escola Superior de Contas do TCE/MT 12/11/2023   R 351.94:336.148(038) I59 BIBTCEMT23110470 12/11/2023 Ex. 1 12/11/2023 Obras de Referência
    Classificação Decimal Universal     Biblioteca da Escola Superior de Contas do TCE/MT Biblioteca da Escola Superior de Contas do TCE/MT 29/11/2023   R 351.94:336.148(038) I59g BIBTCEMT23111346 29/11/2023 Ex. 2 29/11/2023 Obras de Referência

Powered by Koha